[Event "Titled Tuesday intern op 04th Feb Early"]
[Site "Chess.com INT"]
[Date "2025.02.04"]
[Round "9"]
[White "Moldagali, Beksultan"]
[Black "Zenelaj, Samuel"]
[Result "1-0"]
[WhiteElo "2398"]
[BlackElo "2230"]
[PlyCount "51"]
[EventDate "2025.02.04"]
[EventType "swiss (blitz)"]
[EventRounds "11"]
[EventCountry "USA"]
[SourceTitle "CB07_2025"]
[SourceDate "2025.02.12"]
[SourceVersion "1"]
[SourceVersionDate "2025.02.12"]
[SourceQuality "1"]

1. e4 c5 2. Nf3 d6 3. d4 cxd4 4. Nxd4 Nf6 5. Bd3 g6 6. c4 Nc6 7. Ne2 Bg7 8. Nbc3 0-0 9. 0-0 Bg4 10. h3 Bxe2 11. Bxe2 Rc8 12. Be3 a6 13. Rc1 Qa5 14. Qd2 Rfe8 15. f3 Nd7 16. b3 Nce5 17. Rfd1 Nc5 18. f4 Nc6 19. Bf3 b5 20. Nd5 Qxd2 21. Rxd2 bxc4 22. Rxc4 Na5 23. Rcc2 Nab7 24. b4 Na4 25. Rxc8 Rxc8 26. Nxe7+ 1-0

[Event "Hvar Arsenal op 3rd"]
[Site "Hvar"]
[Date "2024.10.20"]
[Round "9"]
[White "Rychkov, Roman"]
[Black "Zenelaj, Samuel"]
[Result "0-1"]
[WhiteElo "2079"]
[BlackElo "2212"]
[PlyCount "120"]
[EventDate "2024.10.14"]
[EventType "swiss"]
[EventRounds "9"]
[EventCountry "CRO"]
[SourceTitle "CB43_2024"]
[Source "Chessbase"]
[SourceDate "2024.10.23"]
[SourceVersion "1"]
[SourceVersionDate "2024.10.23"]
[SourceQuality "1"]

1. e4 c5 2. Nf3 d6 3. d4 cxd4 4. Nxd4 Nf6 5. Bd3 g6 6. h3 Bg7 7. c4 Nc6 8. Be3 Ng4 9. hxg4 Bxd4 10. Bxd4 Nxd4 11. f3 e5 12. Nc3 Be6 13. Qd2 Rc8 14. b3 h5 15. gxh5 Rxh5 16. Rxh5 gxh5 17. 0-0-0 b5 18. Nd5 bxc4 19. Bxc4 Bxd5 20. exd5 Qb6 21. Qg5 Qb4 22. Rxd4 exd4 23. Qg8+ Kd7 24. Qxf7+ Kd8 25. Kd1 d3 26. Qf6+ Kc7 27. Ba6 Rb8 28. Bxd3 Qc5 29. Qe6 Qg1+ 30. Qe1 Qxe1+ 31. Kxe1 Kb6 32. Bf5 Kc5 33. Be6 Kd4 34. g4 hxg4 35. fxg4 Ke5 36. Kd2 Kd4 37. g5 Rh8 38. Ke2 Rh2+ 39. Kf3 Ke5 40. a4 a5 41. Bd7 Rb2 42. g6 Kf6 43. Be8 Rxb3+ 44. Ke4 Rb4+ 45. Kd3 Ke7 46. g7 Rg4 47. Bh5 Rxg7 48. Kc4 Rg5 49. Bf3 Rf5 50. Bd1 Kd8 51. Bb3 Rf4+ 52. Kc3 Kc7 53. Bc4 Kb6 54. Bb5 Kc5 55. Bc6 Rf3+ 56. Kb2 Kc4 57. Ba8 Kb4 58. Bc6 Rf2+ 59. Kb1 Rd2 60. Kc1 Ra2 0-1

[Event "Hvar Arsenal op 3rd"]
[Site "Hvar"]
[Date "2024.10.19"]
[Round "8"]
[White "Andries, Alf"]
[Black "Zenelaj, Samuel"]
[Result "0-1"]
[WhiteElo "2051"]
[BlackElo "2212"]
[PlyCount "100"]
[EventDate "2024.10.14"]
[EventType "swiss"]
[EventRounds "9"]
[EventCountry "CRO"]
[SourceTitle "CB43_2024"]
[Source "Chessbase"]
[SourceDate "2024.10.23"]
[SourceVersion "1"]
[SourceVersionDate "2024.10.23"]
[SourceQuality "1"]

1. e4 c5 2. Nf3 d6 3. d4 cxd4 4. Qxd4 Nf6 5. Be2 e5 6. Qe3 Be7 7. h3 a6 8. 0-0 h6 9. Rd1 Qc7 10. c4 Be6 11. b3 0-0 12. Nc3 Re8 13. Bb2 Nbd7 14. Rac1 Rac8 15. Nd5 Bxd5 16. cxd5 Qb8 17. b4 Bd8 18. Rxc8 Qxc8 19. Rc1 Qb8 20. Rc2 Bb6 21. Qd3 Nh5 22. Qc4 Nf4 23. Bf1 Nf6 24. g3 Ng6 25. Bc1 Qa7 26. Bd3 Ne7 27. Qb3 Kf8 28. Kg2 Rc8 29. Rxc8+ Nxc8 30. Qc2 Qb8 31. Bb2 Qc7 32. Qd2 a5 33. a3 axb4 34. axb4 Ne7 35. Nh4 Nd7 36. Bb5 Nf6 37. Bd3 Nd7 38. Bb5 Nf6 39. Qd3 Ba7 40. Kf3 g5 41. Ng2 Nexd5 42. Ne3 Nxb4 43. Qa3 Bxe3 44. fxe3 Qc5 45. Be2 Nxe4 46. Kxe4 Qd5+ 47. Kf5 e4+ 48. Kg4 Qe6+ 49. Kh5 Qg6+ 50. Kg4 f5# 0-1

[Event "Hvar Arsenal op 3rd"]
[Site "Hvar"]
[Date "2024.10.16"]
[Round "4"]
[White "Underwood, Jon"]
[Black "Zenelaj, Samuel"]
[Result "0-1"]
[WhiteElo "2015"]
[BlackElo "2212"]
[PlyCount "70"]
[EventDate "2024.10.14"]
[EventType "swiss"]
[EventRounds "9"]
[EventCountry "CRO"]
[SourceTitle "CB43_2024"]
[Source "Chessbase"]
[SourceDate "2024.10.23"]
[SourceVersion "1"]
[SourceVersionDate "2024.10.23"]
[SourceQuality "1"]

1. c4 e6 2. Nc3 d5 3. e3 Nf6 4. Nf3 b6 5. b3 Be7 6. g3 Bb7 7. Bg2 0-0 8. 0-0 c5 9. Bb2 Na6 10. Ne5 Qc8 11. cxd5 Nxd5 12. Nxd5 exd5 13. Qh5 Bf6 14. f4 Qe6 15. g4 Nb4 16. g5 Bxe5 17. Bxe5 Rad8 18. Bc7 Rc8 19. f5 Qe7 20. f6 Qxc7 21. fxg7 Kxg7 22. Qh6+ Kg8 23. Rf6 d4 24. e4 Rce8 25. Raf1 Bxe4 26. Bxe4 Rxe4 27. Qh5 Nd5 28. Qf3 Re5 29. Qg3 Re2 30. Rd6 Rd8 31. Rxd8+ Qxd8 32. Qf3 Re7 33. h4 Qd6 34. Kg2 Qe5 35. Rf2 Qe4 0-1

[Event "Titled Tuesday intern op 27th Aug Early"]
[Site "Chess.com INT"]
[Date "2024.08.27"]
[Round "5"]
[White "Ernst, Luca"]
[Black "Zenelaj, Samuel"]
[Result "0-1"]
[WhiteElo "2185"]
[BlackElo "2207"]
[PlyCount "82"]
[EventDate "2024.08.27"]
[EventType "swiss (blitz)"]
[EventRounds "11"]
[EventCountry "USA"]
[SourceTitle "EXT 2025"]
[Source "ChessBase"]
[SourceDate "2024.10.14"]
[SourceVersion "1"]
[SourceVersionDate "2024.10.14"]
[SourceQuality "1"]

1. e4 c5 2. Nf3 d6 3. d4 cxd4 4. Qxd4 Nc6 5. Bb5 Bd7 6. Qd3 a6 7. Bxc6 Bxc6 8. Nc3 e6 9. Bg5 Be7 10. Bxe7 Qxe7 11. 0-0-0 Nf6 12. Rhe1 Rd8 13. Nd4 Bd7 14. Nd5 Nxd5 15. exd5 e5 16. f4 0-0 17. fxe5 dxe5 18. Nf3 f6 19. Kb1 Bg4 20. h3 Bh5 21. Qb3 Bf7 22. Nh4 Qd7 23. Ka1 b5 24. Qg3 Bxd5 25. Rf1 Qc7 26. Nf5 Kh8 27. Qa3 g6 28. Ne3 Bb7 29. Qb4 Rxd1+ 30. Rxd1 Rd8 31. Rf1 Kg7 32. a3 Rd4 33. Qb3 Be4 34. c3 Rd2 35. Ng4 Bf5 36. Ne3 Qd7 37. Qb4 Rd6 38. Ka2 Be6+ 39. Kb1 Rd3 40. Nc2 Rd1+ 41. Rxd1 Qxd1# 0-1

[Event "Titled Tuesday intern op 27th Aug Early"]
[Site "Chess.com INT"]
[Date "2024.08.27"]
[Round "7"]
[White "Zenelaj, Samuel"]
[Black "Shafer, Logan Clark"]
[Result "1-0"]
[WhiteElo "2207"]
[BlackElo "2097"]
[PlyCount "91"]
[EventDate "2024.08.27"]
[EventType "swiss (blitz)"]
[EventRounds "11"]
[EventCountry "USA"]
[SourceTitle "EXT 2025"]
[Source "ChessBase"]
[SourceDate "2024.10.14"]
[SourceVersion "1"]
[SourceVersionDate "2024.10.14"]
[SourceQuality "1"]

1. e4 c6 2. d4 d5 3. Nd2 dxe4 4. Nxe4 Nf6 5. Nxf6+ exf6 6. Bc4 Bd6 7. Qe2+ Qe7 8. Qxe7+ Kxe7 9. Ne2 Re8 10. Bf4 Bxf4 11. Nxf4 Kd6+ 12. Kd2 Be6 13. Bd3 g6 14. h4 h5 15. Rhe1 a5 16. c4 Na6 17. c5+ Kd7 18. d5 Bg4 19. f3 g5 20. fxg4 gxf4 21. Bf5+ Kd8 22. gxh5 Nxc5 23. h6 cxd5 24. h7 Kc7 25. Rxe8 Rxe8 26. Rf1 Ne6 27. g3 fxg3 28. Rg1 Nd4 29. Rxg3 Re2+ 30. Kd3 Nxf5 31. Kxe2 Nxg3+ 32. Kf3 d4 33. Kxg3 d3 34. Kf3 d2 35. Ke2 d1N 36. Kxd1 f5 37. h8Q f4 38. Qe5+ Kb6 39. Qxf4 a4 40. h5 Ka6 41. h6 a3 42. bxa3 b5 43. h7 Ka5 44. h8Q f5 45. Qa8+ Kb6 46. Qd6# 1-0

[Event "Titled Tuesday intern op 13th Aug Early"]
[Site "Chess.com INT"]
[Date "2024.08.13"]
[Round "10"]
[White "Kaminski, Victor Kazimierz"]
[Black "Zenelaj, Samuel"]
[Result "1-0"]
[WhiteElo "2247"]
[BlackElo "2207"]
[PlyCount "61"]
[EventDate "2024.08.13"]
[EventType "swiss (blitz)"]
[EventRounds "11"]
[EventCountry "USA"]
[SourceTitle "EXT 2025"]
[Source "ChessBase"]
[SourceDate "2024.10.14"]
[SourceVersion "1"]
[SourceVersionDate "2024.10.14"]
[SourceQuality "1"]

1. e4 c5 2. Nf3 d6 3. Bb5+ Nd7 4. 0-0 a6 5. Bd3 Ngf6 6. c4 g6 7. Nc3 Bg7 8. Bc2 Ne5 9. Ba4+ Bd7 10. Bxd7+ Nfxd7 11. Nxe5 dxe5 12. d3 0-0 13. Be3 b6 14. a4 a5 15. Nd5 e6 16. Nc3 Nb8 17. g3 Nc6 18. Nb5 Nb4 19. Ra3 Qd7 20. Bd2 Nxd3 21. Bxa5 Rxa5 22. Rxd3 Qc6 23. f3 f5 24. Rd6 Qb7 25. Rd7 Qa8 26. Nc3 fxe4 27. Nxe4 Rxa4 28. Qd6 Re8 29. Qc7 Bh6 30. Nf6+ Kf8 31. Rf7# 1-0

[Event "Titled Tuesday intern op 13th Aug Early"]
[Site "Chess.com INT"]
[Date "2024.08.13"]
[Round "2"]
[White "Rustamov, Rustam"]
[Black "Zenelaj, Samuel"]
[Result "1-0"]
[WhiteElo "2283"]
[BlackElo "2207"]
[PlyCount "67"]
[EventDate "2024.08.13"]
[EventType "swiss (blitz)"]
[EventRounds "11"]
[EventCountry "USA"]
[SourceTitle "EXT 2025"]
[Source "ChessBase"]
[SourceDate "2024.10.14"]
[SourceVersion "1"]
[SourceVersionDate "2024.10.14"]
[SourceQuality "1"]

1. e4 c5 2. Nf3 d6 3. d4 cxd4 4. Nxd4 Nf6 5. Nc3 a6 6. Bg5 e6 7. f4 Be7 8. Qf3 Qc7 9. 0-0-0 b5 10. g4 Nbd7 11. Bxf6 Nxf6 12. g5 Nd7 13. h4 b4 14. Nce2 Bb7 15. Ng3 Rc8 16. Bd3 Nc5 17. h5 d5 18. e5 Qa5 19. Kb1 Na4 20. g6 Nc3+ 21. bxc3 bxc3 22. Ka1 Ba3 23. Rb1 Bb2+ 24. Rxb2 cxb2+ 25. Kb1 hxg6 26. hxg6 Rxh1+ 27. Qxh1 Qd2 28. gxf7+ Kxf7 29. Qh5+ Kf8 30. Nxe6+ Ke7 31. Nf5+ Kxe6 32. Qg6+ Kd7 33. Qd6+ Ke8 34. Qe7# 1-0

[Event "Titled Tuesday intern op 13th Aug Early"]
[Site "Chess.com INT"]
[Date "2024.08.13"]
[Round "6"]
[White "Zenelaj, Samuel"]
[Black "Buchenau, Frank"]
[Result "0-1"]
[WhiteElo "2207"]
[BlackElo "2190"]
[PlyCount "90"]
[EventDate "2024.08.13"]
[EventType "swiss (blitz)"]
[EventRounds "11"]
[EventCountry "USA"]
[SourceTitle "EXT 2025"]
[Source "ChessBase"]
[SourceDate "2024.10.14"]
[SourceVersion "1"]
[SourceVersionDate "2024.10.14"]
[SourceQuality "1"]

1. e4 e6 2. d4 d5 3. Nd2 c5 4. Ngf3 cxd4 5. exd5 Qxd5 6. Bc4 Qd6 7. 0-0 Nf6 8. Re1 Nc6 9. Ne4 Nxe4 10. Rxe4 Be7 11. Bf4 Qb4 12. Bb3 Bf6 13. c3 Qb6 14. cxd4 0-0 15. Qe2 Rd8 16. d5 Na5 17. dxe6 Bxe6 18. Bxe6 fxe6 19. Rxe6 Qxb2 20. Qxb2 Bxb2 21. Rb1 Bf6 22. g4 b6 23. g5 Bc3 24. Rc1 Rac8 25. g6 hxg6 26. Rxg6 Bf6 27. Rxc8 Rxc8 28. Be5 Kf7 29. Rg4 Rc2 30. Ng5+ Ke7 31. Bxf6+ gxf6 32. Nf3 Kf7 33. a4 Rc4 34. Rxc4 Nxc4 35. Nd4 Nb2 36. Nb5 a6 37. Nc7 a5 38. Kf1 Nxa4 39. Ke2 Nc5 40. Ke3 a4 41. Nb5 Ke6 42. Kd4 Nb3+ 43. Kc4 Nd2+ 44. Kd3 Nf3 45. h3 Kd5 0-1

[Event "Titled Tuesday intern op 13th Aug Early"]
[Site "Chess.com INT"]
[Date "2024.08.13"]
[Round "3"]
[White "Zenelaj, Samuel"]
[Black "Hoffmann, Asa"]
[Result "1-0"]
[WhiteElo "2207"]
[BlackElo "2185"]
[PlyCount "57"]
[EventDate "2024.08.13"]
[EventType "swiss (blitz)"]
[EventRounds "11"]
[EventCountry "USA"]
[SourceTitle "EXT 2025"]
[Source "ChessBase"]
[SourceDate "2024.10.14"]
[SourceVersion "1"]
[SourceVersionDate "2024.10.14"]
[SourceQuality "1"]

1. e4 d6 2. d4 Nf6 3. Bd3 e5 4. c3 Nc6 5. Nf3 Bg4 6. d5 Ne7 7. 0-0 Ng6 8. h3 Bxf3 9. Qxf3 Be7 10. a4 c6 11. a5 a6 12. b4 cxd5 13. exd5 Rc8 14. Bb2 0-0 15. Nd2 Nf4 16. c4 Nd7 17. Kh2 Nxd3 18. Qxd3 f5 19. Rac1 Bf6 20. Qxf5 Bg5 21. Qe6+ Kh8 22. Bc3 Nf6 23. g3 Bxd2 24. Bxd2 Ne4 25. Be3 Ng5 26. Bxg5 Qxg5 27. Qxd6 Rxf2+ 28. Rxf2 Qxc1 29. Rf8+ 1-0

[Event "Titled Tuesday intern op 06th Aug Early"]
[Site "Chess.com INT"]
[Date "2024.08.06"]
[Round "10"]
[White "Kocharin, Timur"]
[Black "Zenelaj, Samuel"]
[Result "0-1"]
[WhiteElo "2235"]
[BlackElo "2207"]
[PlyCount "44"]
[EventDate "2024.08.06"]
[EventType "swiss (blitz)"]
[EventRounds "11"]
[EventCountry "USA"]
[SourceTitle "EXT 2025"]
[Source "ChessBase"]
[SourceDate "2024.10.14"]
[SourceVersion "1"]
[SourceVersionDate "2024.10.14"]
[SourceQuality "1"]

1. e4 c5 2. Nf3 d6 3. c3 Nf6 4. h3 Nc6 5. d4 cxd4 6. cxd4 d5 7. e5 Ne4 8. Nc3 Nxc3 9. bxc3 Bf5 10. Be2 e6 11. 0-0 Be7 12. Be3 0-0 13. a4 Na5 14. Nd2 Rc8 15. g4 Bg6 16. Nb1 Nc4 17. Qb3 Nxe3 18. fxe3 Bg5 19. Na3 Bxe3+ 20. Kg2 Qh4 21. Nb5 Be4+ 22. Bf3 Bf4 0-1

[Event "Titled Tuesday intern op 06th Aug Early"]
[Site "Chess.com INT"]
[Date "2024.08.06"]
[Round "4"]
[White "Rustamov, Rustam"]
[Black "Zenelaj, Samuel"]
[Result "1-0"]
[WhiteElo "2283"]
[BlackElo "2207"]
[PlyCount "77"]
[EventDate "2024.08.06"]
[EventType "swiss (blitz)"]
[EventRounds "11"]
[EventCountry "USA"]
[SourceTitle "EXT 2025"]
[Source "ChessBase"]
[SourceDate "2024.10.14"]
[SourceVersion "1"]
[SourceVersionDate "2024.10.14"]
[SourceQuality "1"]

1. e4 c5 2. Nf3 d6 3. d4 cxd4 4. Nxd4 Nf6 5. Nc3 a6 6. Bg5 e6 7. f4 Be7 8. Qf3 Qc7 9. 0-0-0 Nbd7 10. g4 b5 11. Bxf6 Nxf6 12. g5 Nd7 13. Bh3 b4 14. Nce2 0-0 15. Bxe6 fxe6 16. Nxe6 Qc4 17. Nxf8 Bxf8 18. Qb3 Qxb3 19. axb3 Bb7 20. Ng3 Nc5 21. Rhe1 Rc8 22. Kb1 a5 23. f5 a4 24. bxa4 Nxa4 25. Rd4 d5 26. exd5 Bc5 27. Rdd1 Rd8 28. Ne4 Bf8 29. f6 Rxd5 30. Rxd5 Bxd5 31. Nf2 gxf6 32. gxf6 Kf7 33. Ng4 h5 34. Ne5+ Kxf6 35. Nd7+ Kg7 36. Rg1+ Kf7 37. Rf1+ Ke7 38. Nxf8 Bc4 39. Ng6+ 1-0

[Event "Titled Tuesday intern op 06th Aug Early"]
[Site "Chess.com INT"]
[Date "2024.08.06"]
[Round "1"]
[White "Zenelaj, Samuel"]
[Black "Lantini, Marco"]
[Result "1-0"]
[WhiteElo "2207"]
[BlackElo "1965"]
[PlyCount "99"]
[EventDate "2024.08.06"]
[EventType "swiss (blitz)"]
[EventRounds "11"]
[EventCountry "USA"]
[SourceTitle "EXT 2025"]
[Source "ChessBase"]
[SourceDate "2024.10.14"]
[SourceVersion "1"]
[SourceVersionDate "2024.10.14"]
[SourceQuality "1"]

1. e4 c5 2. Nf3 d6 3. d4 cxd4 4. Nxd4 Nf6 5. Nc3 a6 6. Be3 e5 7. Nf3 Be7 8. Nd2 b5 9. a4 b4 10. Nd5 Nxd5 11. exd5 Bb7 12. Nc4 Nd7 13. a5 0-0 14. Qd2 f5 15. Qxb4 Bxd5 16. Rd1 Bxc4 17. Bxc4+ Kh8 18. Bd5 Rb8 19. Qa3 Qc7 20. c4 f4 21. Bd2 Nc5 22. b4 Nd7 23. 0-0 Nf6 24. Rc1 Nxd5 25. cxd5 Qb7 26. Rc6 e4 27. Qh3 Qb5 28. Qe6 Qe2 29. Bc3 Bf6 30. Re1 Qd3 31. Bxf6 Rxf6 32. Qxe4 Qxe4 33. Rxe4 h6 34. Rxa6 Rf5 35. Rxd6 Rb5 36. h3 Rfxd5 37. Rxd5 Rxd5 38. Re8+ Kh7 39. Rb8 Rd1+ 40. Kh2 Rf1 41. a6 Rxf2 42. a7 f3 43. a8Q Rxg2+ 44. Kh1 Rg3 45. Rh8+ Kg6 46. Qe4+ Kh5 47. Qf5+ g5 48. b5 f2 49. Qf7+ Kh4 50. Rxh6# 1-0

[Event "Titled Tuesday intern op 06th Aug Early"]
[Site "Chess.com INT"]
[Date "2024.08.06"]
[Round "11"]
[White "Zenelaj, Samuel"]
[Black "Zia, Tahsin Tajwar"]
[Result "1-0"]
[WhiteElo "2207"]
[BlackElo "2255"]
[PlyCount "104"]
[EventDate "2024.08.06"]
[EventType "swiss (blitz)"]
[EventRounds "11"]
[EventCountry "USA"]
[SourceTitle "EXT 2025"]
[Source "ChessBase"]
[SourceDate "2024.10.14"]
[SourceVersion "1"]
[SourceVersionDate "2024.10.14"]
[SourceQuality "1"]

1. e4 c5 2. Nf3 e6 3. d4 cxd4 4. Nxd4 a6 5. c4 Nf6 6. Nc3 Qc7 7. Nc2 Nc6 8. Be2 h5 9. h3 Ne5 10. Ne3 Bb4 11. f4 Ng6 12. e5 Ne4 13. Qd4 f5 14. exf6 Qxf4 15. fxg7 Rg8 16. Rf1 Qg3+ 17. Kd1 Nxc3+ 18. bxc3 Be7 19. Bxh5 d5 20. Qg4 Qxg4+ 21. Nxg4 Rxg7 22. Ne5 dxc4 23. Bxg6+ Kd8 24. Be4 Bd6 25. Nf7+ Kc7 26. Nxd6 Kxd6 27. Ba3+ Kc7 28. Ke2 Bd7 29. Rab1 Bc6 30. Bxc6 Kxc6 31. Rf2 Rg3 32. Bb2 Rd8 33. Rd1 Rdd3 34. Rxd3 cxd3+ 35. Kd2 e5 36. c4 e4 37. Bd4 b5 38. cxb5+ Kd5 39. Be3 axb5 40. h4 b4 41. h5 Rg8 42. h6 Ra8 43. Rf5+ Ke6 44. Rg5 Rxa2+ 45. Kc1 Rc2+ 46. Kb1 Rc8 47. h7 Rh8 48. Rh5 Kf7 49. Bd4 d2 50. Kc2 Rd8 51. h8Q d1Q+ 52. Kxd1 Rxh8 1-0

[Event "Titled Tuesday intern op 16th Jul Late"]
[Site "Chess.com INT"]
[Date "2024.07.16"]
[Round "4"]
[White "Schuster, Karsten"]
[Black "Zenelaj, Samuel"]
[Result "0-1"]
[WhiteElo "2307"]
[BlackElo "2207"]
[PlyCount "96"]
[EventDate "2024.07.16"]
[EventType "swiss (blitz)"]
[EventRounds "11"]
[EventCountry "USA"]
[SourceTitle "EXT 2025"]
[Source "ChessBase"]
[SourceDate "2024.10.14"]
[SourceVersion "1"]
[SourceVersionDate "2024.10.14"]
[SourceQuality "1"]

1. e4 c5 2. b3 d5 3. exd5 Qxd5 4. Bb2 Nf6 5. Nf3 Bg4 6. Be2 Nc6 7. 0-0 e6 8. Nc3 Qd7 9. h3 Bh5 10. Re1 Be7 11. Ne5 Bxe2 12. Nxd7 Bxd1 13. Nxf6+ Bxf6 14. Raxd1 Nb4 15. Rc1 Nxa2 16. Ra1 Nb4 17. Rec1 a6 18. d3 0-0 19. Na4 Bxb2 20. Nxb2 Rfd8 21. Nc4 Rac8 22. Kf1 f6 23. Ke2 Kf7 24. Ne3 e5 25. Rd1 g6 26. Rd2 f5 27. c3 Nc6 28. Nc4 Kf6 29. f3 Rc7 30. Na5 Ne7 31. Nc4 Nd5 32. Rc1 Rcd7 33. g3 h5 34. h4 f4 35. g4 hxg4 36. fxg4 Rh7 37. Rh1 Nxc3+ 38. Kf3 Rd4 39. h5 gxh5 40. gxh5 b5 41. Nb2 e4+ 42. Kxf4 exd3+ 43. Ke3 Nd5+ 44. Kf3 c4 45. bxc4 bxc4 46. Rf2 Ke5 47. Re1+ Kd6 48. Kg2 Rxh5 0-1

[Event "Titled Tuesday intern op 11th Jun Late"]
[Site "Chess.com INT"]
[Date "2024.06.11"]
[Round "11"]
[White "Gelman, Alexander"]
[Black "Zenelaj, Samuel"]
[Result "0-1"]
[WhiteElo "2403"]
[BlackElo "2207"]
[PlyCount "70"]
[EventDate "2024.06.11"]
[EventType "swiss (blitz)"]
[EventRounds "11"]
[EventCountry "USA"]
[SourceTitle "EXT 2025"]
[Source "ChessBase"]
[SourceDate "2024.10.14"]
[SourceVersion "1"]
[SourceVersionDate "2024.10.14"]
[SourceQuality "1"]

1. c4 Nf6 2. d3 d5 3. cxd5 Qxd5 4. Nf3 e5 5. Nc3 Qd6 6. g3 c6 7. Bg2 Be7 8. 0-0 0-0 9. a3 h6 10. b4 Be6 11. Bb2 Nbd7 12. Qc2 Rfe8 13. Rfd1 Bf8 14. d4 exd4 15. Nxd4 Qc7 16. b5 cxb5 17. Ndxb5 Qb6 18. a4 a5 19. Ne4 Nxe4 20. Qxe4 Bb3 21. Rxd7 Rxe4 22. Bxe4 Qe6 23. Rd4 Rc8 24. Bd3 Bc2 25. Re4 Qb3 26. Bxc2 Qxc2 27. Rc1 Qxb2 28. Rxc8 Qb1+ 29. Kg2 Qxe4+ 30. Kg1 g6 31. Nd6 Qxa4 32. Ne8 Qa1+ 33. Kg2 Kh7 34. Rc7 Qa2 35. Rxb7 Qd5+ 0-1

[Event "Titled Tuesday intern op 11th Jun Late"]
[Site "Chess.com INT"]
[Date "2024.06.11"]
[Round "3"]
[White "Palacio, Igor Da Paz"]
[Black "Zenelaj, Samuel"]
[Result "0-1"]
[WhiteElo "2172"]
[BlackElo "2207"]
[PlyCount "64"]
[EventDate "2024.06.11"]
[EventType "swiss (blitz)"]
[EventRounds "11"]
[EventCountry "USA"]
[SourceTitle "EXT 2025"]
[Source "ChessBase"]
[SourceDate "2024.10.14"]
[SourceVersion "1"]
[SourceVersionDate "2024.10.14"]
[SourceQuality "1"]

1. e4 c5 2. Nc3 d6 3. g3 g6 4. Bg2 Bg7 5. d3 Nc6 6. f4 e6 7. Nf3 Nge7 8. 0-0 0-0 9. Be3 Nd4 10. e5 Nef5 11. Bf2 Nxf3+ 12. Qxf3 dxe5 13. fxe5 Bxe5 14. Bxc5 Bd4+ 15. Bxd4 Qxd4+ 16. Qf2 Ne3 17. Rac1 Rb8 18. Rfe1 Nf5 19. Qxd4 Nxd4 20. Re4 Rd8 21. Ne2 Nf5 22. g4 Nd6 23. Re3 f6 24. h3 Kg7 25. Nf4 e5 26. Nd5 Be6 27. a3 b5 28. Re2 a5 29. g5 Bxd5 30. gxf6+ Kxf6 31. Bxd5 Nf5 32. Rf1 Rxd5 0-1

[Event "Titled Tuesday intern op 11th Jun Late"]
[Site "Chess.com INT"]
[Date "2024.06.11"]
[Round "8"]
[White "Zenelaj, Samuel"]
[Black "Gerbelli Neto, Eduardo"]
[Result "1-0"]
[WhiteElo "2207"]
[BlackElo "2114"]
[PlyCount "129"]
[EventDate "2024.06.11"]
[EventType "swiss (blitz)"]
[EventRounds "11"]
[EventCountry "USA"]
[SourceTitle "EXT 2025"]
[Source "ChessBase"]
[SourceDate "2024.10.14"]
[SourceVersion "1"]
[SourceVersionDate "2024.10.14"]
[SourceQuality "1"]

1. e4 e5 2. Nf3 Nc6 3. d4 exd4 4. Nxd4 Bc5 5. Nb3 Bb6 6. Nc3 Nge7 7. h4 d6 8. Be2 0-0 9. h5 f5 10. Bg5 Qe8 11. Qd2 fxe4 12. 0-0-0 Be6 13. Nxe4 a5 14. h6 a4 15. hxg7 Rf5 16. Rxh7 Kxh7 17. Rh1+ Kxg7 18. Qc3+ Ne5 19. Nd4 Bxd4 20. Qxd4 N7c6 21. Qe3 Qg6 22. Bh5 Rh8 23. Bxg6 Rxh1+ 24. Kd2 Kxg6 25. b3 axb3 26. axb3 Nb4 27. Qg3 Nd5 28. Be3+ Kf7 29. Ng5+ Ke7 30. Nxe6 Kxe6 31. Qg8+ Nf7 32. g4 Re5 33. Qe8+ Ne7 34. f4 Re4 35. Kd3 d5 36. f5+ Kf6 37. g5+ Kg7 38. f6+ Kg6 39. fxe7 Rh3 40. Qg8+ Kf5 41. Qxf7+ Kg4 42. Qxd5 Rhxe3+ 43. Kd2 Rxe7 44. Qxb7 Kxg5 45. Qd5+ R3e5 46. Qg2+ Kf5 47. Kc1 Ke6 48. b4 Rd7 49. Kb2 Red5 50. Qg6+ Ke5 51. Kb3 Rd2 52. Qc6 R2d6 53. Qc3+ Ke6 54. Qe3+ Kf7 55. b5 Rd5 56. Kb4 Rd4+ 57. c4 R4d6 58. Qe5 Re6 59. Qf5+ Ke7 60. c5 Rd4+ 61. Kc3 Ree4 62. Qh7+ Kd8 63. Qg8+ Kd7 64. Qf7+ Kc8 65. c6 1-0

[Event "Titled Tuesday intern op 11th Jun Late"]
[Site "Chess.com INT"]
[Date "2024.06.11"]
[Round "5"]
[White "Zenelaj, Samuel"]
[Black "Korkmaz, Necmettin"]
[Result "0-1"]
[WhiteElo "2207"]
[BlackElo "1999"]
[PlyCount "52"]
[EventDate "2024.06.11"]
[EventType "swiss (blitz)"]
[EventRounds "11"]
[EventCountry "USA"]
[SourceTitle "EXT 2025"]
[Source "ChessBase"]
[SourceDate "2024.10.14"]
[SourceVersion "1"]
[SourceVersionDate "2024.10.14"]
[SourceQuality "1"]

1. e4 e6 2. d4 d5 3. Nd2 Nf6 4. e5 Nfd7 5. Bd3 c5 6. c3 Nc6 7. Ne2 Qb6 8. Nf3 cxd4 9. cxd4 f6 10. exf6 Nxf6 11. 0-0 Bd6 12. Bg5 0-0 13. Ng3 Qxb2 14. Bxf6 Rxf6 15. Bxh7+ Kxh7 16. Ng5+ Kg8 17. Qh5 Qxd4 18. Qh7+ Kf8 19. Qh8+ Ke7 20. Qxg7+ Ke8 21. Rad1 Qe5 22. Rfe1 Qf4 23. Kh1 Ne7 24. Nh7 Rf7 25. Qh8+ Kd7 26. Ne4 Qxh2# 0-1

[Event "Titled Tuesday intern op 21st May Late"]
[Site "Chess.com INT"]
[Date "2024.05.21"]
[Round "8"]
[White "Zenelaj, Samuel"]
[Black "Brilej, Jaka"]
[Result "1-0"]
[WhiteElo "2207"]
[BlackElo "2280"]
[PlyCount "161"]
[EventDate "2024.05.21"]
[EventType "swiss (blitz)"]
[EventRounds "11"]
[EventCountry "USA"]
[SourceTitle "CBM 220 Extra"]
[Source "ChessBase"]
[SourceDate "2024.07.31"]
[SourceVersion "1"]
[SourceVersionDate "2024.07.31"]
[SourceQuality "1"]

1. e4 c5 2. Nf3 d6 3. d4 cxd4 4. Nxd4 Nf6 5. Nc3 a6 6. Be3 e5 7. Nf3 Be7 8. Nd2 0-0 9. Nc4 Be6 10. Nb6 Nbd7 11. Nxa8 Qxa8 12. Be2 b5 13. f3 b4 14. Nb1 d5 15. exd5 Nxd5 16. Bf2 Bg5 17. 0-0 Ne3 18. Bxe3 Bxe3+ 19. Kh1 Nf6 20. c3 a5 21. Qe1 Qa7 22. cxb4 axb4 23. Qxb4 Rb8 24. Qd6 h6 25. Nc3 Rxb2 26. Rab1 Rxb1 27. Rxb1 Bd4 28. Qb8+ Qxb8 29. Rxb8+ Kh7 30. Bd3+ g6 31. Nb5 Bxa2 32. Rd8 Bb2 33. Nd6 Kg7 34. Rb8 Bd4 35. h3 Be6 36. Bb5 h5 37. Rb7 Bf2 38. Kh2 Bc5 39. Ne8+ Nxe8 40. Bxe8 Kf6 41. Bc6 Be3 42. Kg3 Bf4+ 43. Kf2 Bg5 44. g3 Bd2 45. h4 Bc3 46. Be4 Bd4+ 47. Ke2 Bc5 48. Bd3 Bd4 49. Rc7 Bb6 50. Rc6 Bd4 51. Bc4 Kf5 52. Bxe6+ fxe6 53. Rc8 e4 54. Rf8+ Ke5 55. f4+ Kd6 56. Rg8 e5 57. Rxg6+ Kd5 58. f5 e3 59. Re6 e4 60. Re8 Be5 61. Rg8 Kd4 62. Rg6 Bc7 63. f6 Bd6 64. f7 Be7 65. Re6 Bf8 66. Re8 Bh6 67. f8Q Bxf8 68. Rxf8 Ke5 69. Rf4 Ke6 70. Kxe3 Kd6 71. Kxe4 Ke6 72. Rf5 Ke7 73. Rxh5 Ke6 74. Rg5 Kf6 75. Kf4 Kf7 76. h5 Kf6 77. h6 Kf7 78. h7 Kf8 79. h8Q+ Kf7 80. Qh7+ Kf8 81. Rg8# 1-0